|
|
|
|
| LEADER |
01747nam a2200481 a 4500 |
| 001 |
nkc20122347097 |
| 003 |
CZ PrNK |
| 005 |
20120621115952.0 |
| 007 |
ta |
| 008 |
120312s2011 xr a e f 000 0 cze |
| 015 |
|
|
|a cnb002347097
|
| 020 |
|
|
|a 978-80-7418-107-8
|q (váz.)
|
| 035 |
|
|
|a (OCoLC)796017814
|
| 040 |
|
|
|a OLA001
|b cze
|d ABA001
|
| 072 |
|
7 |
|a 629
|x Dopravní prostředky
|2 Konspekt
|9 19
|
| 080 |
|
|
|a 629.735.45
|2 MRF
|
| 080 |
|
|
|a 629.7.07
|2 MRF
|
| 080 |
|
|
|a 629.7.076
|2 MRF
|
| 080 |
|
|
|a 629.7.072
|2 MRF
|
| 080 |
|
|
|a (035)
|2 MRF
|
| 100 |
1 |
|
|a Pláteník, Robert
|7 pna2012695475
|4 aut
|
| 245 |
1 |
0 |
|a Příručka pro piloty vrtulníku /
|c [Robert Pláteník, Miroslav Pospíšil]
|
| 250 |
|
|
|a Vyd. 1.
|
| 260 |
|
|
|a Ostrava :
|b Key Publishing,
|c 2011
|
| 300 |
|
|
|a 267 s. :
|b barev. il. ;
|c 25 cm
|
| 650 |
0 |
7 |
|a vrtulníky
|7 ph127253
|2 czenas
|
| 650 |
0 |
7 |
|a létání
|7 ph122523
|2 czenas
|
| 650 |
0 |
7 |
|a techniky letu
|7 ph135281
|2 czenas
|
| 650 |
0 |
7 |
|a letecký výcvik
|7 ph369374
|2 czenas
|
| 650 |
0 |
9 |
|a helicopters
|2 eczenas
|
| 650 |
0 |
9 |
|a flying
|2 eczenas
|
| 650 |
0 |
9 |
|a flight performance
|2 eczenas
|
| 650 |
0 |
9 |
|a flight training
|2 eczenas
|
| 655 |
|
7 |
|a příručky
|7 fd133209
|2 czenas
|
| 655 |
|
9 |
|a handbooks and manuals
|2 eczenas
|
| 700 |
1 |
|
|a Pospíšil, Miroslav
|7 pna2012695476
|4 aut
|
| 856 |
4 |
1 |
|u http://www.digitalniknihovna.cz/mzk/uuid/uuid:f245aa70-dad2-11e9-9b82-005056827e52
|y Digitalizovaný dokument
|x NDK
|
| 910 |
2 |
|
|a BOA001
|b 2-1285.146
|
| 990 |
|
|
|a BK
|
| 995 |
|
|
|a 01
|
| 991 |
|
|
|b 201205
|c NOV
|e n
|
| 996 |
6 |
|
|b 2610509045
|c 2-1285.146
|l MZK
|r Sklad / do 1 hodiny
|n 1
|p p.v.
|w 001241251
|u 000010
|a 1
|e BOA001
|j MZK50
|s P
|
| 996 |
7 |
|
|b 2610514675
|c 2-1285.146
|l Vol.výběr
|r VV 1p
|n 12
|p kup
|h 629.7 PLÁ
|w 001241251
|u 000020
|a 0
|e BOA001
|j MZK50
|s A
|